| 000 | 00536nam a22001817a 4500 | ||
|---|---|---|---|
| 005 | 20240110114834.0 | ||
| 008 | 200317b xxu||||| |||| 00| 0 eng d | ||
| 020 | _a9789337085145 | ||
| 041 | _aeng | ||
| 082 | _a615.19 | ||
| 100 |
_aSIDDIQUI ,ANEES AHMAD _96738 |
||
| 245 |
_aORGANIC MEDICINAL CHEMISTRY PRACTICAL MANUAL : FOR --- STUDENT _cANEES AHMAD SIDDIQ AND OTHERS |
||
| 250 | _a1'ST | ||
| 260 |
_aNEW DELHI _bCBS PUBLISHERS AND DISTRIBUTORS _c2020 |
||
| 300 | _a254 P. ; X | ||
| 650 |
_aPHARMCY _xB.PHARMA _97468 |
||
| 942 | _cBK | ||
| 999 |
_c6122 _d6120 |
||